000 00548nmm a2200181Ia 4500
008 251105s9999||||xx |||||||||||||||||und||
020 _a9788468301662
041 _aspa
100 _aCervera i Nogués, Jordi
245 0 _aMuerte a doscientos diez
264 _a[Madrid, España] :
_bEdebé (Ediciones Don Bosco),
_c2015
300 _a272 páginas
650 _aTeen & Young Adult Fiction
700 _aCervera i Nogués, Jordi
700 1 _a Juan Cantavella, Anna
856 _uhttps://public.digitaliapublishing.com/a/49738
942 _cCF
999 _c63900
_d63900